000 01061nam a2200217 i 4500
001 184600
003 ES-MaACL
005 20250816063151.0
008 151027m18921894sp |||| | spa d
245 0 0 _aDe los pleitos de Colón.
260 _aMadrid :
_b[s.n.],
_c1892-1894 (
_fSucesores de Rivadeneyra)
300 _a2 v. ;
_c23 cm.
490 1 _aColección de documentos inéditos relativos al descubrimiento, conquista y organización de las antiguas posesiones españolas de ultramar. Segunda serie / publicada por la Real Academia de la Historia ;
_v7-8
490 1 _aColección de documentos inéditos relativos al descubrimiento, conquista y organización de las antiguas posesiones de Ultramar
600 1 4 _aColón, Cristóbal.
_939869
710 2 _aReal Academia de la Historia (España)
_96309
830 0 0 _aColección de documentos inéditos relativos al descubrimiento, conquista y organización de las antiguas posesiones de Ultramar
_v7-8
_9241781
852 _aES-MaACL
_jC-1968-69
942 _2udc
999 _c184600
_d184600